[Event "ISR-ch sf"]
[Site "Ramat Aviv"]
[Date "2000.08.??"]
[Round "?"]
[White "Lahav, Ehud"]
[Black "Tsesarsky, Ilya"]
[Result "1-0"]
[WhiteElo "2348"]
[BlackElo "2489"]
[Annotator "Tsesarsky,I"]
[PlyCount "105"]
[EventDate "2000.08.16"]
[EventType "swiss"]
[EventRounds "9"]
[EventCountry "ISR"]
[SourceTitle "CBM 078"]
[Source "ChessBase"]
[SourceDate "2000.10.18"]
[SourceVersion "1"]
[SourceVersionDate "2000.10.18"]
[SourceQuality "1"]

1. d4 Nf6 2. c4 e6 3. Nf3 b6 4. Nc3 Bb4 5. Bg5 h6 6. Bh4 Bb7 7. Nd2 {
Fashionable variation} Qe7 $1 (7... c5 {-mainline} 8. a3 Bxc3 (8... cxd4 9.
axb4 dxc3 10. bxc3 d6 (10... O-O 11. e3 a5 12. Be2 Nc6 $132 {0-1 Wagner,
C-Solozhenkin,E/Paris-ch 1993/TD 93\04 (33)}) 11. e4 Nbd7 12. Bd3 Ne5 13. Qe2
g5 14. Bg3 Nh5 15. Bxe5 dxe5 16. g3 Nf6 17. h4 Ke7 18. Qe3 Ng4 19. Qe2 Nf6 20.
Qe3 Ng4 21. Qe2 {1/2-1/2 Zvjaginsev,Vadim-Nikolic,Predrag/EUCup G5 Pula (2) ;
EXT 2000 1999}) 9. bxc3 d6 (9... O-O 10. e3 d6 11. a4 Nbd7 12. Bd3 Qc7 13. O-O
e5 14. d5 Rae8 15. Qc2 $132 {Agrest,Evgenij-Wedberg,Tom/Kraft Chess Cup (1) ;
EXT 2000 1999/1-0 (48)}) 10. e3 (10. f3 e5 (10... Nc6 11. e3 (11. Nb3 g5 12.
Bf2 e5 13. e4 Qd7 14. a4 a5 15. Bd3 O-O-O 16. Rb1 exd4 17. cxd4 Nb4 18. O-O
Qxa4 19. e5 dxe5 20. Bf5+ Kb8 21. Qe2 exd4 22. Qe5+ Ka7 23. Qxf6 Qc6 24. Qxc6
Bxc6 25. Be4 $14 {1-0 Rashkovsky,Nukhim N-Ovod,Evgenija/RUS-Cup Omsk/Perm (2) ;
EXT 2000 1998 (40)}) 11... Qe7 12. Bd3 e5 (12... g5 13. Bf2 {See comments to
the game  Avrukh,B-Tiviakov,S/Corus B Wijk aan Zee NED 2000/0-1 (60) (Avrukh)})
13. d5 Na5 14. Qa4+ Kd8 15. O-O-O g5 16. Bf2 Bc8 {With complicated game 0-1
Olafsson,Helgi-Petursson,Margeir/ISL-chT ;EXT 97 1994 (38)}) 11. e4 Nbd7 12.
Rb1 Nf8 13. Bf2 g6 14. a4 Ne6 15. d5 Ng7 16. a5 Bc8 17. axb6 axb6 18. g4 Bd7
19. h4 Ng8 $132 {1/2-1/2 Khalifman,A-Milos,G/Japfa Classic 2000 (24)}) 10...
Qe7 {See comments to the game 1-0 Rashkovsky,Nukhim N-Ibragimov,Ildar/
RUS-Cup02 Moscow (7) ;CBM 63 1998 (32)} (10... Nbd7 11. Bd3 Qc7 12. O-O g5 13.
Bg3 h5 14. h3 O-O-O 15. Bh2 Rdg8 16. e4 e5 17. Re1 $132 {1/2-1/2 Rashkovsky,
Nukhim N-Tunik,Gennady/Russian Club Cup (10) ;CBM 66 1998 (34)}) (10... e5 11.
d5 g5 12. Bg3 Qe7 13. Bd3 Nbd7 $132 (13... e4 $6 14. Bc2 Bc8 (14... O-O $2 15.
h4 Re8 16. hxg5 hxg5 17. Bxe4 $1 $16 {Rashkovsky,Nukhim N-Lorenzo Duran,Marcos/
Linares Anibal op (1) ;CBM 68 ext 1999/1-0 (47)}) 15. Qb1 Bf5 16. O-O {[%cal
Gf2f3]} Bh7 17. a4 Nbd7 18. a5 O-O 19. Qb5 $14))) (7... O-O {This move also is
acceptable and Black equalized in the next games:} 8. e3 c5 (8... d5 9. cxd5
exd5 10. Be2 (10. Bd3 Nbd7 11. O-O Be7 12. Bg3 a6 13. e4 $6 dxe4 14. Ndxe4 $2
Nxe4 15. Bxe4 Bxe4 16. Nxe4 f5 17. Qc2 f4 {0-1 Zvjaginsev,Vadim-Chekhov,Valery
A/Moscow7 op ;EXT 2000 1991}) 10... Be7 11. O-O c5 12. Bf3 Nbd7 13. Bg3 Rc8 14.
Nb5 a6 15. Nd6 Bxd6 16. Bxd6 Re8 17. Rc1 cxd4 18. Rxc8 Qxc8 19. exd4 Ne4 20.
Bf4 Ndf6 $11 {Kasparov,Gary-Onischuk,Alexander/Tilburg Fontys (4) ;CBM 61 1997/
1/2-1/2 (60)}) 9. a3 cxd4 10. axb4 dxc3 11. bxc3 a5 12. Be2 Nc6 $132 {1-0
Onischuk,Alexander-Bunzmann,Dimitrij/Rubinstein Mem 36th (3) ;CBM 73 no vc
1999 (26)}) 8. Qc2 (8. Nb5 g5 (8... d6 9. a3 Bxd2+ 10. Qxd2 g5 (10... a6 11.
Bxf6 gxf6 12. Nc3 f5 13. e3 Nd7 $11) 11. Bg3 Ne4 $11) 9. Nxc7+ Kf8 10. a3 Bxd2+
11. Qxd2 gxh4 12. Nxa8 Bxa8 13. Qf4 Nc6 14. Qxh4 e5 $15) (8. a3 Bxc3 9. bxc3 d6
10. f3 Nbd7 {1/2-1/2 Csom,Istvan-Plaskett,Jim/Jarvenpaa ;MCD 1985}) 8... c5 9.
dxc5 (9. a3 Bxc3 (9... cxd4 10. axb4 dxc3 11. bxc3 O-O 12. e4 e5 13. Be2 (13.
b5 d6 14. Be2 Nbd7 $15 {[%csl Rc3,Rc4]}) 13... Nc6 14. O-O a5 $132) 10. Qxc3
cxd4 11. Qxd4 Nc6 $32) 9... bxc5 10. e3 d6 11. a3 Ba5 $1 {[%cal Gb7g2] Now
Black can to avoid Bb4 on Nc3 change.} 12. f3 {White must complete pieces
development.} ({Bad was} 12. Be2 g5 13. Qa4+ (13. Bg3 Bxg2 14. Rg1 (14. Qa4+
Bc6 $19) 14... Bc6 $17) 13... Nc6 14. Bg3 (14. Bf3 Rc8 15. Bxc6+ Bxc6 16. Qxa5
gxh4 $15 {[%csl Rg2][%cal Gc6g2,Gh4h3,Gh8g8]}) 14... Bxc3 15. bxc3 O-O $15 {
[%csl Rc3,Rc4]}) (12. Qa4+ Nc6 $15) 12... Nbd7 13. Be2 O-O 14. O-O d5 15. Bf2
$6 $15 {Was not necessary to replace Bh4 without Black move g7-g5} ({Right was
} 15. b3 Rac8 $11) 15... Rfd8 16. Rad1 Rac8 17. Nb3 Bc7 18. Nb5 (18. e4 d4 19.
Na2 Ne5 $15) 18... Bb8 ({Interesting was also} 18... Bb6 $1 19. a4 (19. Bg3 e5
$1 20. cxd5 Nxd5 {[%csl Re3]} 21. Bf2 c4 $19) (19. Nc3 Ne5 $15) 19... a6 20.
Nc3 Ne5 21. a5 Ba7 22. Na4 dxc4 23. Bxc4 Nxc4 24. Qxc4 Bd5 25. Qc3 Bxb3 26.
Qxb3 Rb8 27. Nb6 Nd5 28. e4 Nxb6 29. axb6 Bxb6 30. Qc4 $15) 19. Rfe1 a6 (19...
Ne5 20. Na5 Ba8 $15) 20. Nc3 Ne5 $6 $132 (20... Bc7 $15) 21. Na4 Ba7 {
Connected with P sacrifice} (21... Bd6 22. Na5 $132) (21... dxc4 22. Rxd8+ Rxd8
23. Nbxc5 $14) 22. Na5 Ba8 23. cxd5 exd5 24. Bxa6 $44 Rb8 25. Bf1 Nh5 $6 $138 {
+/=} (25... c4 $1 {[%csl Ra5]} 26. Qc3 Re8 27. Qd2 Qe6 28. Rc1 Qf5 29. Kh1 Qg6
$132) 26. Nb3 Qg5 27. Nd2 Qf6 (27... c4 28. Nc3 $1 $14 (28. f4 Nxf4 29. exf4
Bxf2+ 30. Kxf2 Qxf4+ 31. Kg1 Nd3 32. Nf3 (32. Bxd3 cxd3 33. Qxd3 Qxa4 $15)
32... Nxe1 33. Rxe1 d4 (33... Re8 34. Rxe8+ Rxe8 35. Qf2 Re3 36. Nc3 $44) 34.
Bxc4 Bxf3 35. gxf3 Re8 $44)) 28. Nc3 d4 29. Nce4 Qg6 30. exd4 Nf4 $4 $18 {
[%mdl 8192] In time pressure I put mistake - tactical blunder} ({Quite good was
} 30... cxd4 31. Kh1 Rbc8 (31... d3 $6 32. Qc3 Bxf2 33. Nxf2 f6 34. Nde4 (34.
Rxe5 fxe5 35. Qxe5 $14) 34... Rdc8 (34... Rbc8 35. Qa5 $16) 35. Qd4 Rc2 36.
Nxd3 Nxd3 37. Rxd3 Rbxb2 38. Rd2 Bxe4 39. Rxc2 Rxc2 40. Qxe4 Qxe4 41. Rxe4 $16)
32. Qa4 Bb6 $14) 31. Bg3 cxd4 32. Qa4 Nh3+ (32... Nxf3+ 33. Nxf3 Bxe4 34. Qxa7
$18) 33. gxh3 Nxf3+ 34. Nxf3 Bxe4 35. Qxa7 (35. Ne5 Qb6 36. Rxe4 d3+ 37. Kg2
Qg1+ 38. Kf3 f5 39. Qc4+ Kh7 40. Be2 $18) 35... Bxf3 36. Rxd4 Ba8 37. Rxd8+
Rxd8 38. Qc7 Rf8 39. Bg2 Bxg2 40. Kxg2 Qd3 (40... f5 41. Qd6 Rf6 42. Qd8+ Kh7
43. Re8 Qf7 44. Rh8+ Kg6 45. Qe8 $18) 41. Qc3 Qd5+ 42. Qf3 Qa2 43. Re2 Rd8 44.
h4 Qb1 45. h5 f5 46. Bf2 Kh8 47. b4 Kg8 48. Re5 Rf8 49. Bc5 Rf7 50. Re8+ Kh7
51. Qa8 Qb2+ 52. Bf2 g5 53. Qc6 1-0

[Event "Dos Hermanas op"]
[Site "Dos Hermanas"]
[Date "2000.04.14"]
[Round "8"]
[White "Tyomkin, Dimitri"]
[Black "Pogorelov, Ruslan"]
[Result "1-0"]
[WhiteElo "2516"]
[BlackElo "2455"]
[Annotator "Tyomkin,D"]
[PlyCount "57"]
[EventDate "2000.04.??"]
[EventType "swiss"]
[EventRounds "9"]
[EventCountry "ESP"]
[SourceTitle "CBM 077"]
[Source "ChessBase"]
[SourceDate "2000.07.27"]
[SourceVersion "1"]
[SourceVersionDate "2000.07.27"]
[SourceQuality "1"]

1. d4 Nf6 2. c4 e6 3. Nf3 b6 4. Nc3 Bb4 5. Bg5 h6 6. Bh4 Bb7 7. Nd2 Bxc3 8.
bxc3 g5 $1 {Otherwise white plays f2-f3, and after g7-g5 moves bishop back to
g3. In case of 8...g5, black gains a tempo by Nh5, attacking the bishop g3.} 9.
Bg3 d6 {[%cal Rf6h5]} 10. f3 Nbd7 (10... Qe7 11. e4 Nc6 12. Bf2 Nh5 13. g3 $14
{1/2-1/2 Lahav,E-Har Zvi,R/Israel 1996/CBM 52 ext (13)}) 11. e4 Nh5 (11... Qe7
12. Bd3 Nh5 13. Bf2 Nf4 14. Bf1 h5 (14... e5 $5) 15. g3 Ng6 16. Bd3 h4 $132 {
1-0 Neverov,V-Shishkov,A/St Petersburg 1999/CBM 74 (60)}) 12. Bf2 Qe7 13. g3 $1
$146 (13. a4 a5 14. g3 f5 15. Bd3 e5 16. Qe2 f4 17. Rb1 c5 18. d5 {1/2-1/2
Psakhis,L-Har Zvi,R/Tel Aviv 1996/CBM 52 ext (18)}) 13... f5 14. Bd3 (14. exf5
$5 exf5+ 15. Qe2 Qxe2+ 16. Bxe2 O-O-O 17. O-O-O $13) 14... fxe4 (14... e5 $5
15. exf5 $5 {The only way to play for an opening advantage.} ({In case of} 15.
Qe2 f4 $11 {black shuts up the position and feels very safe.}) 15... exd4+ 16.
Be4 (16. Ne4 dxc3 17. O-O Ne5 18. Be2 O-O 19. Nxc3 $13 Rxf5 $140 $2 20. Nd5)
16... dxc3 17. O-O O-O-O 18. Bxb7+ Kxb7 19. Ne4 $132) 15. Bxe4 (15. fxe4 $6
Nhf6 {/\e5}) 15... Bxe4 16. Nxe4 $1 {White should keep position open for to
use his bishop.} Nhf6 17. Qe2 $1 {White still delays castle, and let black
first to make that decision.} O-O (17... e5 $142 18. h4 (18. O-O $14) 18...
O-O-O 19. c5 $5 {Trying to open position everywhere, white gets an initiative.}
) 18. h4 $1 $36 {Creating a weakness on g5, and opening the kingside.} Nxe4 19.
Qxe4 Nf6 20. Qe2 Rae8 21. hxg5 hxg5 22. O-O-O e5 (22... Qg7 23. Be3 $16 {
[%csl Rg5][%cal Ge2d2] /\Qd2}) (22... Rf7 $1 {It was the right way for black
to arrange pieces.} 23. Qe3 (23. Be3 g4 $1 24. fxg4 Ne4 $132) 23... Rg7 (23...
Nh7 24. Rh6 $16) (23... g4 24. Rh6 Nh7 25. Rdh1 $1 $40) 24. Rh6 Kf7 25. Rdh1
$14) 23. dxe5 $1 {It was difficult for me to find out this move, but after it
white easily enters all pieces to the game.} (23. d5 Qg7 $14) 23... Qxe5 $2 (
23... dxe5 24. c5 $1 {That is the point! White gets more lines and diagonals
for his pieces.} (24. Qd2 g4 $1 25. Rh6 $140 Qg7) 24... e4 25. fxe4 Qxe4 26.
Qd2 $1 $16 {[%csl Rg5,Rg8]}) 24. Qd3 $18 {[%mdl 128] Now white is getting
decisive attack. Black is defendless.} Qe7 (24... Kf7 25. Rde1 Qa5 26. Rh7+ $1
Nxh7 27. Qxh7+ Kf6 28. Bd4+ Re5 29. f4 $18) 25. Rh6 {[%cal Gd1h1]} d5 26. Rdh1
Qa3+ 27. Kb1 Kf7 28. Qf5 Ke7 {And now the final blow:} 29. Rxf6 $1 1-0

[Event "Financial Concept op 6th"]
[Site "North Bay"]
[Date "1999.08.06"]
[Round "5"]
[White "Tyomkin, Dimitri"]
[Black "Hebert, Jean"]
[Result "1/2-1/2"]
[WhiteElo "2495"]
[BlackElo "2454"]
[Annotator "Tyomkin,D"]
[PlyCount "84"]
[EventDate "1999.08.04"]
[EventType "swiss"]
[EventRounds "9"]
[EventCountry "CAN"]
[SourceTitle "EXT 2000"]
[Source "ChessBase"]
[SourceDate "1999.11.16"]
[SourceVersion "1"]
[SourceVersionDate "1999.11.16"]
[SourceQuality "1"]

1. d4 Nf6 2. c4 e6 3. Nf3 b6 4. Nc3 Bb7 5. Bg5 Bb4 6. Nd2 h6 7. Bh4 Bxc3 8.
bxc3 d6 9. f3 Nbd7 10. e4 Qe7 11. Be2 g5 $146 (11... e5 12. Nf1 g5 13. Bf2 Nh5
14. Ne3 O-O-O 15. a4 a5 16. Qb3 Nf4 17. Bf1 g4 18. Nf5 $132 {0-1 Maksimenko,
A-Grosar,A/Geneva op 1996 (51)}) 12. Bf2 O-O-O (12... e5 13. Nf1 $1 {[%cal
Gf1e3,Ye3f5,Ye3d5] /\Ne3}) 13. O-O h5 14. Qa4 Kb8 15. c5 $1 {[%mdl 640]} dxc5
16. Nb3 {With this pawn sacrifice white opens files and diagonals over black
king.This sacrifice is very typical for this structure,and I made this move
almost without thinking.} cxd4 17. cxd4 h4 (17... g4 18. Bh4 {[%cal Gh4d8,
Re4e5] /^ h4-d8}) 18. Rfc1 Rc8 (18... g4 $5 19. Rab1 (19. e5 $140 g3 $1 20.
hxg3 hxg3 21. Bxg3 Nd5 {[%csl Rg1][%cal Gd8g8] ->>>}) 19... gxf3 20. Bxf3 $1
$36 {[%cal Rb3c5] /\Nc5!} (20. gxf3 Nxe4 $3 21. fxe4 Qg5+ 22. Kf1 Bxe4 $40 {
[%cal Gg5g2]}) 20... Nxe4 $140 (20... Bxe4 $2 21. Bxe4 Nxe4 22. Na5 $18 {
[%cal Ra5c6]}) 21. Na5 $1) 19. Ba6 Bxa6 20. Qxa6 $44 {-> <<} c6 {Here I made
wrong decision.I had calculated two possibillties:Rab1 and a4.After 21.a4 I've
seen the defense 21...Ka8 22.a5 Nb8 and black looks safe,but in that variaiton
I missed a move.} 21. Rab1 $6 (21. a4 $1 Ka8 22. a5 Nb8 {[%tqu "En","","","",
"a6c8","",10,"a6d3","",0]} 23. Qxc8 $3 {This way I could finish this
game-white gets the decisive advantage.} (23. Qd3 b5) 23... Rxc8 24. axb6 $18
a6 25. Na5 {/\b7}) 21... Ka8 22. Nd2 {[%cal Gd2c4]} Nb8 23. Qa4 b5 24. Qa5 Qd8
25. Qc3 {Again missing the correct way.} (25. Qb4 $142 a5 (25... Nfd7 26. d5 $1
) 26. Qa3 $1 {[%csl Rg5][%cal Gd2b3,Ga3e3,Rb6a7,Rf2a7] /\Nb3,/\Qe3,xg5,x/^f2-a7
} Nfd7 27. d5 $1 $16 {[%cal Ga3e3]}) 25... Nfd7 26. a4 Nb6 27. axb5 cxb5 28.
Qa5 Rxc1+ 29. Rxc1 Qd7 30. d5 $2 $138 {Here I was in hard time-trouble already
and missed another time the best.} (30. Rc5 Rc8 31. Rxb5 Rc1+ 32. Nf1 Nc4 $140
33. Qb4 Nc6 34. Qf8+ Nd8 35. Rc5 $16) 30... Rc8 31. Ra1 Na4 32. Nb3 Rc4 33. Qd2
exd5 34. exd5 Qf5 35. Qe3 Rc7 36. d6 Rd7 37. Rc1 (37. Nd4 Qd5 38. Qe4 $1 Qxe4
39. fxe4 a6 $15) 37... Qd5 38. Rc7 Qd1+ $2 {[%mdl 8192] My opponent had about
1 hour on his clock against two minutes on mine,and played this move at once.}
(38... Nb6 39. Nd4 a6 (39... Rxd6 40. Qa3 a6 41. Rc5 $14 {xb5,g5}) 40. Rxd7 (
40. Qe4 Qxe4 41. fxe4 Rxc7 42. dxc7 N8d7 $17) 40... N8xd7 41. Qe7 Kb7 $15) 39.
Be1 Nb6 40. Qe4+ $2 {[%mdl 8192] Having seconds on my clock I played a
simplest move!} (40. Nd4 {[%cal Re3e4] /\Qe4} f5 41. Nxb5 $18) 40... Qd5 41.
Nd4 a6 42. Nf5 Qxe4 {I was very disappointed of my play in this game and didn'
want to win this game anymore,although white is still better in this ending!} (
42... Qxe4 43. fxe4 Rxc7 (43... Nc4 44. Bf2 a5 45. Ba7 $1 $40) 44. dxc7 Nc6 45.
Nd6 Ne7 46. Nxf7 Kb7 47. Nxg5 $14) 1/2-1/2

[Event "Belgrade GMA op"]
[Site "Belgrade"]
[Date "1988.??.??"]
[Round "?"]
[White "Flear, Glenn C"]
[Black "Van der Wiel, John"]
[Result "1/2-1/2"]
[WhiteElo "2470"]
[BlackElo "2540"]
[Annotator "Van der Wiel,J"]
[PlyCount "81"]
[EventDate "1988.12.??"]
[EventType "swiss"]
[EventRounds "9"]
[EventCountry "YUG"]
[SourceTitle "TD"]
[Source "ChessBase"]
[SourceDate "1994.03.01"]
[SourceVersion "1"]
[SourceVersionDate "1994.03.01"]
[SourceQuality "1"]

1. d4 Nf6 2. c4 e6 3. Nf3 b6 4. Nc3 Bb4 5. Bg5 h6 6. Bh4 Bb7 7. Qc2 Be4 $5 (
7... g5) 8. Qb3 Nc6 (8... c5) 9. e3 a5 $1 10. Nd2 (10. O-O-O $5 Bxc3 11. bxc3
$13 (11. Qxc3 $6 Nb4 $40)) 10... a4 $1 (10... Bh7 11. Rd1 $1) 11. Nxa4 Bxd2+
12. Kxd2 Na5 13. Qb4 $1 (13. Qd1 Bc6 14. Nc3 Ne4+ 15. Nxe4 Qxh4 16. Ng3 Qe7 $1
$44) 13... Nc6 14. Qb3 (14. Qb5 $6 {/\ 14...R a5, 15.Qb3} Nxd4 $1 15. exd4 Bc6
$15) 14... Na5 15. Qb4 Bc6 $5 16. Nc3 Ne4+ 17. Nxe4 Qxh4 18. Ng3 f5 $36 (18...
Bb7 $5 {/\ Nc6, 0-0}) 19. Ke1 (19. f4 $6 g5) (19. Be2 $6 Bxg2 20. Bh5+ Kd8 $17)
19... f4 20. exf4 Qxf4 21. Rd1 Nb7 {/\ Nd6, 0-0} 22. Ne2 $1 Qf7 (22... Qe4 23.
f3 $1 Qh4+ 24. g3 Qh5 (24... Qg5 25. Bg2) 25. d5 $1 exd5 26. cxd5 Bxd5 27. Nf4
Qe5+ (27... Qxf3 28. Nxd5 $18) 28. Kf2 $18) (22... Qh4 23. g3 $1 Qg5 $1 (23...
Qe4 24. Rg1 $16) 24. h4 Qa5 25. Qxa5 Rxa5 26. Rh2 Bf3 $14 (26... Rxa2 $6 27.
Nc3 Ra5 $8 28. d5 $1 Ba4 (28... exd5 $2 29. b4 $1 Ra3 30. Nb1 {/\ b5+-}) 29. b4
$5 Bxd1 $8 30. bxa5 Bb3 (30... Bf3 $5) 31. a6 Nd6 $16)) 23. Nc3 d6 24. Qb3 $6 (
24. d5 {>=} Bd7 25. Bd3 O-O 26. f3 $44) 24... O-O 25. Qc2 d5 $1 {עe1} 26. cxd5
Bxd5 (26... exd5 $2 27. f3 $16) 27. f3 Nd6 28. Bd3 (28. Be2 Nf5) (28. Kf2 Bxf3
29. gxf3 Qxf3+ 30. Kg1 Qe3+ 31. Kg2 Nf5 $5 (31... Qf3+ $10)) 28... Kh8 29. a3
Qf4 30. Qf2 $1 Rae8 {(+)} 31. Rd2 (31. Ne2 $5 Qf6 (31... Qg5 32. h4 $1) 32. Kf1
$13) 31... Bc4 $1 32. Bg6 Rd8 (32... Re7 33. Kd1 $1) 33. h4 $1 {(+); /\ h5, R
h4} Nf5 34. Bxf5 exf5 35. Kd1 b5 $1 $40 36. Kc2 Qd6 37. b3 $1 Bg8 (37... Qxa3
$2 38. bxc4 bxc4 39. Rb1 Rb8 40. Qf1 $1 $18) 38. Ra1 $6 (38. Nxb5 $2 Qd5) (38.
b4 $1 Ra8 39. Ra1 (39. Kb2 $2 Rxa3 $1) 39... Bc4 $10) 38... b4 39. axb4 Qxb4
40. d5 Rb8 41. Rb1 (41. Rb1 c6 (41... f4 42. Qd4 Qe7 43. Ra1 $1 $132) (41... c5
42. f4 $5 (42. Qe2 Qxh4 43. Qc4 Qf6 $15) 42... c4 43. Qd4 $13) 42. Qd4 Qb7 43.
Kd1) 1/2-1/2

[Event "Scandic Hotels CC"]
[Site "Stockholm"]
[Date "2000.07.31"]
[Round "3"]
[White "Hillarp Persson, Tiger"]
[Black "Wedberg, Tom Birger"]
[Result "0-1"]
[WhiteElo "2549"]
[BlackElo "2473"]
[Annotator "Wedberg,T"]
[PlyCount "134"]
[EventDate "2000.07.29"]
[EventType "tourn"]
[EventRounds "9"]
[EventCountry "SWE"]
[EventCategory "10"]
[SourceTitle "CBM 079"]
[Source "ChessBase"]
[SourceDate "2000.11.21"]
[SourceVersion "1"]
[SourceVersionDate "2000.11.21"]
[SourceQuality "1"]

1. d4 Nf6 2. c4 e6 3. Nc3 Bb4 4. Nf3 b6 5. Bg5 Bb7 6. Nd2 h6 7. Bh4 c5 8. a3
Bxc3 9. bxc3 d6 ({In a previous effort I tried} 9... O-O {but after} 10. e3 d6
11. a4 Nbd7 12. Bd3 Qc7 13. O-O e5 14. d5 {White had an easier game. So I
learn´t that Black should avoid castling short and put the N on c6 rather than
the passive square d7. 1-0 Agrest,E-Wedberg,T/Skelleftea 1999/EXT 2000 (48)})
10. f3 Qe7 (10... Nc6 11. e3 (11. Nb3 g5 12. Bf2 e5 13. e4 Qd7 14. a4 a5 15.
Bd3 O-O-O $13 {1-0 Rashkovsky,N-Ovod,E/Omsk/Perm 1998/EXT 2000 (40)}) 11... Qe7
12. Bd3 e5 13. d5 Na5 14. Qa4+ Kd8 15. O-O-O g5 16. Bf2 Bc8 17. Qc2 Bd7 18. Bf5
Kc7 $13 {0-1 Olafsson,H-Petursson,M/ISL-chT 1994/EXT 97 (38)}) (10... e5 11. e4
Nbd7 12. Rb1 Nf8 13. Bf2 g6 14. a4 Ne6 15. d5 Ng7 16. a5 Bc8 17. axb6 axb6 18.
g4 Bd7 19. h4 Ng8 20. Rg1 Ne7 21. Bd3 f6 22. Ra1 Kf7 23. Rxa8 Qxa8 24. Qb3 {
1/2-1/2 Khalifman,A-Milos,G/Bali 2000/CBM 77 (24)}) 11. a4 Nc6 12. e3 e5 13.
Bxf6 {A bit surprising, but Tiger told me afterwards that he didn´t like
White´s play after the normal moves.} (13. d5 Na5 14. Nb3 Ba6 15. Nxa5 bxa5 $13
) 13... Qxf6 14. Ne4 Qe7 15. dxc5 dxc5 16. Nd6+ Kf8 17. Nxb7 Qxb7 18. Bd3 {
[%cal Yd3e4,Ye4d5] Now we can evaluate White´s idea. He wants to put the B on
d5. It´s a mighty post, but it´s not 100% clear what the B is doing there.
Black must try to play around it, rather than exchanging it.} Rd8 19. Qe2 Ne7
20. Be4 Qc7 21. O-O g6 (21... f5 $6 22. Bd5 $1 Nxd5 23. cxd5 Rxd5 24. e4 $1 $16
) 22. Rad1 Kg7 23. Bd5 Rd6 {Here I really wanted to see e4 from my opponent.
It weakens the square f4 and locks the B out from half of the board.} (23...
Nxd5 $6 {a principal mistake.} 24. cxd5 $14) 24. e4 $6 g5 $1 {[%mdl 128] Black
immediately starts attacking. White is playing a piece down on the K side.} 25.
g3 Ng6 26. Rb1 h5 27. Qe3 Qe7 28. Rb2 (28. a5 $5 h4 29. g4 {is the active
alternative, but the gaping hole on f4 is hard to stand. Black can continue in
a number of ways. He can either go for something like Rf4, Qf6, h3 and Nh4 to
really hit f3 or just put the N on f4 and then open a file on the Q side to
infiltrate on.}) 28... h4 29. Rg2 hxg3 30. hxg3 Rh3 31. Qd2 Rd8 32. Kf2 Rdh8
33. Ke2 Rh2 34. Rff2 Rxg2 35. Rxg2 Rh1 36. Kd3 Qd7 $1 {White cannot stop Black
from infiltrating. The counterplay against f7 is only one check.} 37. Qxg5 (37.
Qa2 Qh3 38. Qf2 Rd1+ 39. Ke3 Rc1 40. Kd3 (40. Rh2 Rxc3+ 41. Kd2 Rxf3 $19) 40...
Qh1 $19) 37... Qxa4 38. Rd2 Qa1 39. Qf5 Qf1+ 40. Ke3 Qe1+ 41. Kd3 Qb1+ 42. Ke3
Re1+ 43. Kf2 Rf1+ (43... Qc1 $1 {would have shortened the game.} 44. Qxf7+ Kh6
45. Re2 Rf1+ 46. Kg2 Rh1 $19) 44. Ke3 Qe1+ 45. Kd3 Qxg3 46. Qxf7+ Kh6 47. Kc2
$1 {White is still alive.} a5 (47... Rxf3 48. Qxa7 Rxc3+ 49. Kb2 Rb3+ 50. Ka2
Rb4 51. Qa3 $17) 48. Kb3 (48. Qe6 a4 49. Qxb6 Qe1 50. Rh2+ Kg5 51. Rg2+ Kf4 52.
Qf6+ Ke3 53. Qg5+ Nf4 $19) 48... Rxf3 49. Rh2+ $1 Qxh2 (49... Kg5 $6 50. Qh7
Rxc3+ 51. Ka4 $13) 50. Qxf3 Nf4 51. Qg4 $6 (51. Ka4 Qg1 $19) 51... Qh5 $1 52.
Qg1 (52. Qxh5+ Kxh5 53. Ka4 Ne2 $19) 52... Qf3 53. Qh2+ Qh5 54. Qg1 Qf3 55.
Qh2+ Kg5 56. Ka4 Qxc3 57. Kb5 a4 $1 58. Kxb6 a3 59. Kxc5 Qa5+ 60. Kd6 Qb6+ 61.
Kd7 Qa7+ 62. Ke8 Ng6 63. Qg2+ Kf6 64. Qf1+ Nf4 65. Kd8 a2 66. Qa1 Qb8+ 67. Kd7
Qb1 0-1

[Event "Herzliya"]
[Site "Herzliya"]
[Date "2000.09.10"]
[Round "5"]
[White "Wells, Peter K"]
[Black "Gustafsson, Jan"]
[Result "1-0"]
[WhiteElo "2506"]
[BlackElo "2506"]
[Annotator "Wells,P"]
[PlyCount "49"]
[EventDate "2000.09.06"]
[EventType "tourn"]
[EventRounds "9"]
[EventCountry "ISR"]
[EventCategory "9"]
[SourceTitle "CBM 079"]
[Source "ChessBase"]
[SourceDate "2000.11.21"]
[SourceVersion "1"]
[SourceVersionDate "2000.11.21"]
[SourceQuality "1"]

1. d4 Nf6 2. c4 e6 3. Nf3 b6 4. Nc3 Bb4 5. Bg5 Bb7 6. Nd2 h6 7. Bh4 Bxc3 8.
bxc3 d6 9. f3 Nbd7 10. e4 Qe7 11. c5 $5 $146 {[%csl Yf1,Yh4][%cal Ya1b1]} bxc5
12. Rb1 $36 {[%cal Gb1b8] Yes! Initiative!} Bc8 $2 {[%cal Yh1a8]} (12... Bc6 $1
13. Nc4 {[%csl Rc6][%cal Yc4a5,Ye4e5]} Rd8 $1 14. Na5 (14. Be2 $5 $44) 14...
Ba8 15. Bb5 $44) 13. e5 $1 dxe5 14. dxe5 Nxe5 15. f4 {[%cal Yd1f3]} Ng6 (15...
Nc6 16. Qf3 Bd7 17. Bb5 Qd6 18. Bxf6 gxf6 19. Ne4 Qe7 20. Bxc6 Bxc6 21. Nxf6+
Qxf6 22. Qxc6+ $40) 16. Bxf6 Qxf6 17. Qf3 $18 {[%csl Ra8]} O-O 18. Qxa8 e5 19.
f5 $1 {[%csl Ye1][%cal Ge8e5]} Qxf5 (19... Bxf5 20. Rb8) 20. Qf3 Qg5 21. Ne4
Qe7 22. Bc4 Kh8 23. Rb8 $1 Nh4 (23... f5 24. Rxc8) 24. Qf2 f5 25. O-O 1-0